000
00359nam a2200145Ia 4500
008
231129s2013||||xx |||||||||||||| ||spa||
020
_a
978-958-30-4116-7
040
_b
spa
082
_a
(i) 869.3 N778b
100
_a
Nogueira Carlos
245
0
_a
Búho comí
260
_c
2013
264
_a
Panamericana
942
_2
ddc
_c
BKS
999
_c
63
_d
63